[Event "Dresden ZMD op"]
[Site "Dresden"]
[Date "2003.08.01"]
[Round "8"]
[White "Radke, Robert"]
[Black "Barthel, Tilman"]
[Result "1-0"]
[WhiteElo "1894"]
[BlackElo "2118"]
[PlyCount "65"]
[EventDate "2003.07.25"]
[EventType "swiss"]
[EventRounds "9"]
[EventCountry "GER"]
[SourceTitle "EXT 2004"]
[Source "ChessBase"]
[SourceDate "2003.11.25"]
[SourceVersion "1"]
[SourceVersionDate "2003.11.25"]
[SourceQuality "1"]

1. d4 Nf6 2. c4 e6 3. g3 c5 4. Nf3 cxd4 5. Nxd4 Nc6 6. Bg2 Be7 7. 0-0 0-0 8. Nc3 e5 9. Nf5 d6 10. Ne3 a6 11. b3 Be6 12. Kh1 Rc8 13. Bb2 Nh5 14. Ned5 Bg4 15. h3 Be6 16. e3 Nf6 17. Qe2 Nd7 18. Rad1 f5 19. Nxe7+ Qxe7 20. Qd2 f4 21. exf4 exf4 22. Nd5 Qg5 23. Nxf4 Bf7 24. Qxd6 Nf6 25. Bxf6 Qxf6 26. Qxf6 gxf6 27. Rd6 Bg6 28. Bd5+ Kh8 29. Bxc6 Rxc6 30. Rxc6 Be4+ 31. Kh2 Bxc6 32. Rd1 Kg7 33. Ne6+ 1-0